Lịch sử Việt Nam 1945-1975

Giới thiệu quá trình lịch sử Việt Nam từ ngày thành lập nước Việt Nam dân chủ cộng hoà, qua hai cuộc kháng chiến chống Pháp, chống Mỹ, xây dựng chủ nghĩa xã hội ở miền Bắc và đấu tranh thống nhất đất nước từ 1945-1975

Bewaard in:
Bibliografische gegevens
Hoofdauteur: Hồ Sỹ Khoách
Andere auteurs: Hà Minh Hồng (Tác giả), Võ Văn Sen (Tác giả)
Formaat: Boek
Taal:Vietnamese
Gepubliceerd in: TP. Hồ Chí Minh Nxb. Tử sách ĐH Tổng hợp TP. HCM 1996
Reeks:Tủ sách đại học Tổng hợp TP. HCM
Onderwerpen:
Tags: Voeg label toe
Geen labels, Wees de eerste die dit record labelt!
Thư viện lưu trữ: Mạng thư viện Đại học Đà Nẵng
LEADER 01643nam a22004218a 4500
001 000015560
003 11943
005 20120530100543.0
008 120530s1996 b 000 0 od
020 |d 1000b 
041 0 |a 9806 
041 0 |a vie 
080 |a 9(V)2 
082 |a 959.7  |b HÔ-K 
084 |a P3(1)7  |b L000ị 
100 1 |a Hồ Sỹ Khoách 
245 1 0 |a Lịch sử Việt Nam 1945-1975  |c Hồ Sỹ Khoách, Hà Minh Hồng, Võ Văn Sen 
260 |a TP. Hồ Chí Minh  |b Nxb. Tử sách ĐH Tổng hợp TP. HCM 
260 |c 1996 
300 |a 507tr  |c 21cm 
490 |a Tủ sách đại học Tổng hợp TP. HCM 
520 |a Giới thiệu quá trình lịch sử Việt Nam từ ngày thành lập nước Việt Nam dân chủ cộng hoà, qua hai cuộc kháng chiến chống Pháp, chống Mỹ, xây dựng chủ nghĩa xã hội ở miền Bắc và đấu tranh thống nhất đất nước từ 1945-1975 
653 |a Lịch sử hiện đại 
653 |a kháng chiến chống Pháp 
653 |a kháng chiến chống Mỹ 
653 |a Việt Nam 
700 1 |a Hà Minh Hồng  |e Tác giả 
700 1 |a Võ Văn Sen  |e Tác giả 
OWN |a LSP 
AVA |a UDN50  |b LSP  |d 959.7 HÔ-K  |e available  |t Error 5001 Not defined in file expand_doc_bib_avail.  |f 2  |g 0  |h N  |i 0  |k 1 
999 |a From the UDN01 
AVA |a UDN50  |b LSP  |d 959.7 HÔ-K  |e available  |t Error 5001 Not defined in file expand_doc_bib_avail.  |f 2  |g 0  |h N  |i 0  |k 1 
TYP |a Monograph 
TYP |a Printed language 
980 |a Mạng thư viện Đại học Đà Nẵng